National Preserves of the United States - Statistics

General Stats
  • This quiz has been taken 6 times
  • The average score is 16 of 21
Answer Stats
National Preserve % Correct
Big Cypress
100%
Mojave
100%
Aniakchak
80%
Bering Land Bridge
80%
Big Thicket
80%
Denali
80%
Gates of the Arctic
80%
Glacier Bay
80%
Great Sand Dunes
80%
Katmai
80%
Lake Clark
80%
Little River Canyon
80%
New River Gorge
80%
Noatak
80%
Oregon Caves
80%
Tallgrass Prairie
80%
Wrangell-St Elias
80%
Yukon-Charley Rivers
80%
Craters of the Moon
60%
Valles Caldera
60%
Timucuam
0%
No matching quizzes found
Score Distribution
Percent of People with Each Score
Percentile by Number Answered
Your Score History
You have not taken this quiz